| 000 | 01171aab a2200205 i 4500 | ||
|---|---|---|---|
| 001 | 768714001 | ||
| 003 | CO-MdFUSB | ||
| 005 | 20240404104004.0 | ||
| 008 | 240404t1989 ag ||||| |||| 00| 0 spa d | ||
| 040 |
_bspa _cCO-MdFUSB |
||
| 041 | _aspa | ||
| 100 | 1 |
_aZukowski de Ramírez, Elvira Ester _eautor |
|
| 245 | 1 | 3 |
_aLa familia y la educación cristiana _c/ Elvira Ester Zukowski de Ramírez |
| 300 |
_aVolumen 8, número 4 (diciembre, 1989), páginas: 29 - 31 _c; 27 cm |
||
| 520 | _aHasta el siglo pasado, la familia se parecía al sistema planetario: la mujer y los hijos giraban alrededor del padre, quien como el sol ocupaba el centro. El padre aseguraba la subsistencia; dirigía el trabajo; nadie osaba actuar como adulto frente a él. La formación del carácter cristiano significa capacitar a cada uno para resolver sus problemas, significa dar la oportunidad de tomas las propias decisiones, superando la dependencia infantil. | ||
| 650 | 7 |
_aFamilia y enseñanza _9224 |
|
| 650 | 7 |
_aEducación cristiana de jóvenes _97018 |
|
| 773 | 0 |
_tIglesia y Misión _049402 _959672 _gVolumen 8, número 4 (diciembre, 1989), páginas: 29 - 31 _qpáginas: 29 |
|
| 942 | _cANA | ||
| 999 |
_c51861 _d51861 |
||